Quiz film d'animation Dreamworks - Statistiques

Statistiques générales
  • Ce quiz a été pris 596 fois
  • Le résultat moyen est 11 sur 16
Statistiques - réponses
Par images Réponse % Correct
Shrek
99%
Madagascar
98%
Kung Fu Panda
96%
Le Chat potté
95%
Baby Boss
94%
Turbo
90%
Les Trolls
88%
Les croods
84%
Spirit
77%
Les 5 légendes
73%
Gang de requins
60%
Bee Movie
53%
En route
42%
Les Bad Guys
36%
Capitaine SuperSlip
26%
Abominable
25%
Aucun quiz correspondant
Distribution des résultats
% des personnes avec chaque résultat
Percentile par nombre de réponses
Votre historique - résultats
Vous n’avez pas pris ce quiz